Energetika - obnoviteľné zdroje energie a dovoz surovín
Spotreba, výroba a dovoz plynu. Palivo-energetické suroviny v SR - ropa, uhlie a iné. Nerastné suroviny v makroekonomike SR. Obnoviteľné zdroje energie. Bariéry využitia obnoviteľných zdrojov energie.
Saved in:
| Main Author: | |
|---|---|
| Other Authors: | |
| Format: | Book Chapter |
| Language: | Slovak |
| Subjects: | |
| Tags: |
No Tags, Be the first to tag this record!
|
MARC
| LEADER | 00000naa$a2200000$$$4500 | ||
|---|---|---|---|
| 001 | 0062897 | ||
| 005 | 20240522071213.3 | ||
| 041 | 0 | |a slo | |
| 044 | |a SK | ||
| 245 | 1 | 0 | |a Energetika - obnoviteľné zdroje energie a dovoz surovín |c Michal Fabuš, Miroslav Mečár |
| 520 | |a Spotreba, výroba a dovoz plynu. Palivo-energetické suroviny v SR - ropa, uhlie a iné. Nerastné suroviny v makroekonomike SR. Obnoviteľné zdroje energie. Bariéry využitia obnoviteľných zdrojov energie. | ||
| 610 | 2 | 0 | |a energetika |
| 610 | 2 | 0 | |a zdroje energie |
| 610 | 2 | 0 | |a dovoz |
| 610 | 2 | 0 | |a plyn |
| 610 | 2 | 0 | |a suroviny nerastné |
| 610 | 2 | 0 | |a ropa |
| 610 | 2 | 0 | |a uhlie |
| 100 | 1 | |a Fabuš, Michal | |
| 700 | 1 | |a Mečár, Miroslav | |